100 Best Footballers 2024/2025 - Statistics

General Stats
  • This quiz has been taken 1,004 times
  • The average score is 52 of 100
Answer Stats
Country Club Position Answer % Correct
France Real Madrid ST Mbappe
99%
Norway Man City ST Haaland
97%
Brazil Real Madrid LW Vini Jr
97%
England Real Madrid CAM Bellingham
96%
Spain Man City CDM Rodri
96%
England Bayern Munich ST Kane
95%
Belgium Man City CM De Bruyne
92%
Argentina Inter Miami RW Messi
91%
Egypt Liverpool RW Salah
91%
Brazil Liverpool GK Alisson
89%
Norway Arsenal CM Odegaard
89%
Argentina Inter Milan ST Lautaro Martinez
88%
Netherlands Liverpool CB Van Dijk
88%
Belgium Real Madrid GK Courtois
86%
Argentina Aston Villa GK Emiliano Martinez
86%
England Man City RW Foden
85%
Poland Barca ST Lewandowski
84%
Italy PSG GK Donnarummma
83%
Portugal Man City CB Ruben Dias
82%
Germany Barca GK Ter Stegen
82%
Brazil Man City GK Ederson
81%
Uruguay Real Madrid CM Valverde
79%
France Atletico Madrid ST Griezmann
78%
Germany Real Madrid CB Rudiger
78%
England Arsenal RW Saka
78%
Germany Leverkusen CAM Wirtz
78%
Portugal Al Nassr ST Ronaldo
77%
Portugal Man City CM Bernardo Silva
76%
Slovenia Atletico Madrid GK Oblak
75%
France Arsenal CB Saliba
75%
Germany Bayern Munich CAM Musiala
72%
Brazil Al Hilal LW Neymar
71%
Portugal Man United CAM Bruno Fernandes
70%
South Korea Tottenham LW Son
70%
England Arsenal CDM Rice
69%
France AC Milan LB Theo Hernandez
68%
Brazil Real Madrid RW Rodrygo
67%
Nigeria Galatasary ST Osimhen
66%
Netherlands Barca CM De Jong
65%
Argentina Roma CAM Dybala
65%
Croatia Real Madrid CM Modric
62%
Switzerland BVB GK Kobel
61%
France AC Milan GK Maignan
60%
Portugal AC Milan LW Rafael Leao
60%
Switzerland Inter Milan GK Sommer
59%
Brazil Arsenal CB Gabriel
58%
Brazil PSG CB Marquinhos
58%
Italy Inter Milan CB Bastoni
55%
France PSG RW Dembele
55%
Germany Man City CM Gundogan
55%
Italy Inter Milan CM Barella
54%
Spain Real Madrid RB Carvajal
54%
Spain Barca CM Pedri
54%
Switzerland Leverkusen CDM Xhaka
54%
Argentina Liverpool CM Mac Allister
52%
France Al Ittihad ST Benzema
49%
Spain Leverkusen LM Grimaldo
49%
Germany Bayern Munich GK Neuer
49%
Germany Bayern Munich RB Kimmich
46%
Portugal Al Hilal LB Cancelo
45%
Germany Leverkusen CB Tah
41%
England Liverpool RB Alexander-Arnold
40%
Austria Real Madrid CB Alaba
38%
Uruguay Barca CB Araujo
35%
Spain Bilbao GK Unai Simon
35%
Brazil Juventus CB Bremer
34%
Turkey Inter Milan CDM Calhanoglu
33%
Sweden Newcastle ST Isak
30%
France Al Ittihad CDM Kante
28%
France Barca RB Kounde
26%
Portugal PSG CM Vitinha
26%
Brazil Newcastle CDM Guimaraes
25%
Argentina Atletico Madrid ST Julian Alvarez
24%
Germany BVB CAM Brandt
23%
England Chelsea RM Palmer
23%
Algeria Ah Ahli RM Mahrez
22%
Scotland Liverpool LB Robertson
22%
Georgia Napoli LW Kvaratskhelia
20%
Germany Bayern Munich RM Leroy Sane
20%
England Tottenham CAM Maddison
20%
France Bayern Munich LM Coman
19%
England Man City CB Stones
18%
Spain Bilbao LM Nico Williams
17%
France Real Madrid CDM Tchouameni
17%
Switzerland Man City CB Akanji
15%
Italy Liverpool RW Chiesa
15%
Belgium RB Leipzig ST Openda
15%
Netherlands Man City CB Ake
14%
Portugal Liverpool ST Jota
14%
Italy Newcastle CDM Tonali
14%
England Aston Villa ST Watkins
14%
Georgia Valencia GK Mamardashvili
13%
Italy Inter Milan CB Acerbi
12%
Serbia Al Hilal CM Milinkovic-Savic
12%
Morocco Al Hilal GK Bounou
11%
Portugal Bayern Munich CDM Palhinha
11%
Germany BVB CB Schlotterbeck
9%
Brazil Real Madrid CB Eder Militao
8%
Spain Arsenal CM Mikel Merino
6%
Spain Celta Vigo ST Iago Aspas
5%
No matching quizzes found
Score Distribution
Percent of People with Each Score
Percentile by Number Answered
Your Score History
You have not taken this quiz